Responses for Show #5026 - Monday, June 19, 2006

Contestants

[<< previous game]

David Ono, a medical doctor from Honolulu, Hawaii

Leigh Hall, an executive assistant from Los Angeles, California

Josh Kennedy, a bartender from Trenton, New Jersey (whose 1-day cash winnings total $27,400)

[next game >>]

Jeopardy! Round responses

BEAST OF BURDEN
PAINT IT BLACK
TIME IS ON MY SIDE
HARLEM SHUFFLE
START ME "UP"
THE ROLLING STONES
    $200 11
a burro

Leigh
    $200 25
oil

Josh
    $200 16
Egypt

Josh
    $200 6
Spanish Harlem

Leigh
    $200 20
a stirrup

David
    $200 1
Detroit

Josh
    $400 12
reindeer

Josh
    $400 26
a blackbird

David
    $400 17
Louis XIV

Josh
    $400 7
Amsterdam

Josh
    $400 21
corruption

Josh
    $400 2
Keith Richards & Mick Jagger

Josh
    $600 13
llamas

Josh
    $600 27
South Dakota

Josh
    $600 18
Rainier

Josh
    $1,600 8
Malcolm X

Josh
    $600 22
a couplet

Josh
    $600 3
Charlie Watts

Josh
    $800 14
Bactrian

David
    $800 28
the Black Prince

Josh
    $800 19
King Kamehameha

Leigh
    $800 9
the A Train

Josh
    $800 23
a buttercup

Josh
    $800 4
Andy Warhol

Triple Stumper
    $1000 15
Brahmans

Josh
    $1000 29
the Rhine

Leigh
    $1000 30
(David: What is India?)

Thailand

JoshDavid
    $1000 10
Bill "Bojangles" Robinson

Triple Stumper
    $1000 24
nuptials

Leigh
    $1000 5
"Sympathy For The Devil"

Josh

Scores at the first commercial break (after clue 15):

Josh Leigh David
$7,000 $400 $800

Scores at the end of the Jeopardy! Round:

Josh Leigh David
$12,600 $3,200 $400

Double Jeopardy! Round responses

NOVELS
MOVIES THAT ARE ALL WET
EUROPEAN BODIES OF WATER
WALLY WORLD
IT'S A SECRET!
"SH"!!
    $400 6
Treasure Island

Leigh
    $400 1
Jaws

Leigh
    $400 11
Holland (or the Netherlands)

Josh
    $400 16
Walter Reed

Josh
    $400 26
(Josh: What is the National Security Administration?)
...
(Alex: And less than a minute to go now.)

the National Security Agency

JoshLeigh
    $400 21
his shadow

Josh
    $800 7
The Bonfire of the Vanities

David
    $800 2
(Josh: What is a Perfect Storm?)
[Originally ruled incorrect; reversed before first Daily Double at clue 13 in order to be consistent with the rule of not penalizing contestants for different articles at the beginning of titles]

The Perfect Storm

JoshLeigh
    $800 12
the Strait of Messina

Josh
    $800 17
Walter Raleigh

Josh
    $800 27
Coke

Josh
    $800 22
a shrew

Josh
    $1200 8
Exodus

David
    $1200 3
Waterworld

Josh
    $4,000 13
(Alex: You gonna risk it all?)
(Josh: No.)
(Alex: Why not?)
(Josh: Um... I don't know.)
(Alex: Okay.)

the Bay of Biscay

Josh
    $1200 18
Wally Schirra

David
    $1200 28
Genghis Khan

Josh
    $1200 23
Shangri-La

David
    $1600 9
(Josh: What is David Copperfield?)
(Leigh: What is Oliver Twist?)

Tom Jones

JoshLeigh
Triple Stumper
    $1600 4
Deliverance

Josh
    $1600 14
(Josh: What is the Gulf of Finland?)

the Gulf of Riga

Josh
Triple Stumper
    $1600 19
Wally Joyner

Josh
    $1600 29
Stalin

Josh
    $3,000 24
Shinto

David
    $2000 10
(Josh: What is Primary Colors?)

All the King's Men

Josh
Triple Stumper
    $2000 5
The River Wild

Josh
    $2000 15
the Don

Josh
    $2000 20
Wally Lamb

Leigh
    $2000 30
the Masons

David
    $2000 25
Shelley

Leigh

Scores at the end of the Double Jeopardy! Round:

Josh Leigh David
$27,400 $7,600 $9,800
(lock game)

[wagering suggestions for these scores]

Final Jeopardy! Round responses

WORD ORIGINS
(Alex: Gregory XV was a pope, and the the committee was "The Sacred Congregation for the Propagation of the Faith".)
LeighWhat is catechism?
$7,599
DavidWhat C
$5,400
JoshWhat is Propaganda
$800
propaganda

Final scores:

Josh Leigh David
$28,200 $1 $4,400
2-day champion: $55,600 3rd place: $1,000 2nd place: $2,000

Game dynamics:

Coryat scores:

Josh Leigh David
$23,600 $7,600 $8,400
36 R
(including 2 DDs),
4 W
11 R,
1 W
9 R
(including 1 DD),
1 W

Combined Coryat: $39,600

[game clues] [game scores] [suggest correction]

Game tape date: Unknown
The J! Archive is created by fans, for fans. Scraping, republication, monetization, and malicious use prohibited; this site may use cookies and collect identifying information. See terms. The Jeopardy! game show and all elements thereof, including but not limited to copyright and trademark thereto, are the property of Jeopardy Productions, Inc. and are protected under law. This website is not affiliated with, sponsored by, or operated by Jeopardy Productions, Inc. Join the discussion at JBoard.tv.